| 000 | 01103cam a22003014i 4500 | ||
|---|---|---|---|
| 003 | EG-ScBUE | ||
| 005 | 20221218102528.0 | ||
| 008 | 140622s2000 ctubeo f b 001 0 eng d | ||
| 020 | _a9780300087994 | ||
| 040 |
_aEG-ScBUE _beng _erda _cEG-ScBUE _dEG-ScBUE |
||
| 043 | _ae------ | ||
| 082 | 0 | 4 |
_a726.50940902 _222 _bFRA |
| 100 | 1 |
_aFrankl, Paul, _d1878-1962, _eauthor. _935999 |
|
| 245 | 1 | 0 |
_aGothic architecture / _cPaul Frankl ; revised by Paul Crossley. |
| 264 | 1 |
_aNew Haven, United States : _bYale University Press, _c2000. |
|
| 300 |
_a408 pages : _bmaps, photographs, plans ; _c30 cm. |
||
| 336 |
_2rdacontent _atext _btxt |
||
| 337 |
_2rdamedia _aunmediated _bn |
||
| 338 |
_2rdacarrier _avolume _bnc |
||
| 490 | 0 | _aYale University Press Pelican history of art | |
| 504 | _aIncludes bibliographical references and index. | ||
| 650 | 7 |
_aChurch architecture _zEurope. _2BUEsh _936000 |
|
| 650 | 7 |
_aArchitecture, Gothic _zEurope. _2BUEsh _936001 |
|
| 653 |
_bENGARC _cJune2014 |
||
| 655 | _vReading book | ||
| 700 | 1 |
_aCrossley, Paul, _d1945- _ereviewer. _936002 |
|
| 942 |
_2ddc _k726.50940902 FRA _cBB |
||
| 999 |
_c18311 _d18283 |
||